[Event "FRM-ch op"]
[Site "Skopje"]
[Date "2024.05.12"]
[Round "3"]
[White "Smilevski, Blagoj"]
[Black "Pancevski, Filip"]
[Result "0-1"]
[WhiteElo "1749"]
[BlackElo "2432"]
[PlyCount "64"]
[EventDate "2024.05.11"]
[EventType "swiss"]
[EventRounds "9"]
[EventCountry "MKD"]
[SourceTitle "CBM 220 Extra"]
[Source "ChessBase"]
[SourceDate "2024.07.31"]
[SourceVersion "1"]
[SourceVersionDate "2024.07.31"]
[SourceQuality "1"]

1. b3 d5 2. Bb2 Bf5 3. Nf3 e6 4. e3 Nf6 5. Nh4 Bg4 6. Be2 Bxe2 7. Qxe2 Nbd7 8. f4 Be7 9. d3 0-0 10. 0-0 c6 11. Rf3 Ne8 12. Rh3 Bf6 13. c3 Nd6 14. Qh5 Bxh4 15. g4 g5 16. fxg5 Qxg5 17. Qxh4 Qxh4 18. Rxh4 Ne5 19. Rh3 Nxd3 20. Ba3 c5 21. c4 Ne4 22. Nd2 Nxd2 23. Rd1 Nxc4 24. bxc4 dxc4 25. Rh5 b6 26. Rf1 f6 27. Rf3 Rad8 28. g5 Rd5 29. h4 b5 30. e4 Re5 31. Rxd3 cxd3 32. Bb2 d2 0-1